00516nam a2200145 a 450000100100000000500170001000800410002704000250006810000350009324500470012826000520017530000210022795201050024899900170035300003855220201002031308.0130415s1952 dr 000 0 spa d aDO-SdBNPbspacBNPHU1 aMarrero de Munne, Melba96488910aFaena para Adan /cMelba Marrero de Munne. aCiudad Trujillo :bImpresora Dominicana,c1952. a105 p. ;c22 cm. 0010718PDaPDbPDcCTd2013-04-15iLF1l0o p38552-10r2020-06-25w2020-06-25yLFPDZNo se presta c38042d38042